Przedstawiciele Rodziny Windsorów - Statystyki

Ogólne statystyki
  • Ten quiz został rozwiązany 16 razy
  • Średni wynik to 9 z 38
Statystyki odpowiedzi
Lp. Osoba Pokrewieństwo Stopień Władca % Poprawnych
24 Karol III Syn 22 Król Wielkiej Brytanii
100%
22 Elżbieta II Córka 4 Królowa Wielkiej Brytanii
71%
26 Andrzej Syn 22 Książę Yorku
64%
27 Anna Córka 22 --- ---
57%
6 Jerzy Syn 1 Książę Kentu
57%
14 Jerzy Syn 9 Hrabia St Andrews
57%
34 Jerzy Syn 32 Książę Zjednoczonego Królestwa Wielkiej Brytanii i Irlandii Północnej
57%
9 Edward Syn 6 Książę Kentu
50%
19 Edward Syn 14 ??? ---
50%
25 Edward Syn 22 Książę Edynburga
50%
23 Małgorzata Córka 4 --- ---
50%
1 Jerzy V Założyciel Król Wielkiej Brytanii
43%
4 Jerzy VI Syn 1 Król Wielkiej Brytanii
43%
3 Edward VIII Syn 1 Król Wielkiej Brytanii
36%
5 Henryk Syn 1 Książę Gloucester
29%
33 Henryk Syn 24 Książę Sussexu
29%
37 Archie Syn 33 --- ---
14%
29 Beatrycze Córka 26 --- ---
14%
28 Eugenia Córka 26 --- ---
14%
16 Albert Syn 13 ??? ---
7%
30 Jakub Syn 25 Hrabia Wesseksu
7%
2 Jan Syn 1 Książę Wielkiej Brytanii
7%
36 Karolina Córka 32 --- ---
7%
38 Lilibet Córka 33 --- ---
7%
18 Ludwik Syn 13 ??? ---
7%
35 Ludwik Syn 32 --- ---
7%
7 Maria Córka 1 --- ---
7%
10 Aleksandra Córka 6 --- ---
0%
21 Amelia Córka 14 --- ---
0%
11 Fryderyk Syn 8 ??? ---
0%
12 Gabriella Córka 8 ??? ---
0%
15 Helen Córka 9 --- ---
0%
17 Leopold Syn 13 ??? ---
0%
31 Ludwika Córka 25 --- ---
0%
20 Marina Córka 14 --- ---
0%
8 Michał Syn 6 Książę ---
0%
13 Nicolas Syn 9 --- ---
0%
32 Wilchelm Syn 24 Książę Walli
0%
Nie znaleziono quizów pasujących do podanych kryteriów
Rozkład punktacji
Procent ludzi z każdym wynikiem
Percentyl według liczby udzielonych odpowiedzi
Twoja historia wyników
Nie rozwiązałeś tego quizu